000 00552nam a22002177a 4500
001 00028217
005 20260218102610.0
008 260218b ag ||||| |||| 00| 0 spa d
020 _a9789871093502
040 _bspa
_cAR-CcCEOS
080 _a 820-1(73)
090 _bWHI
100 1 _aWhitman, Walt,
_d1819-1892
_9515
245 _aCanto a mi mismo /
_cWalt Whitman
250 _a1ª ed.
260 _aArgentina :
_bGradifco,
_c2008.
300 _a96 p. ;
_c19x12 cm.
500 _aColección Nogal
650 0 _apoesía
942 _2udc
_cBK
999 _c28233
_d28233
945 _a66467
_bMelina Rolando
_c66467
_dMelina Rolando